| 000 | 00756nam a2200217Ia 4500 | ||
|---|---|---|---|
| 001 | 17045 | ||
| 003 | GE_BSU | ||
| 008 | 181216s||||||||xx |||||||||||||| ||und|| | ||
| 040 | _cGE_BSU | ||
| 080 | _a82-93:821.161.1-3 | ||
| 100 | _aნოსოვი, ნ. | ||
| 245 | _aვიტია მალეევი შინ და სკოლაში | ||
| 245 | _cთარგმნეს ნ. ახალაძემ და პ. წერეთელმა. | ||
| 260 | _aთბილისი | ||
| 260 | _bსაბლიტგამი | ||
| 260 | _c1953 | ||
| 300 | _a165გვ. : ილ. ; 20სმ. | ||
| 653 | _aვიტია მალეევი შინ და სკოლაში | ||
| 653 | _aმოთხრობა | ||
| 942 | _cBK | ||
| 999 |
_c50107 _d50107 |
||